| 000 | 00824nam a2200253 a 4500 | ||
|---|---|---|---|
| 001 | 000040514 | ||
| 003 | DO-SdBNP | ||
| 005 | 20211227114157.0 | ||
| 008 | 130829s2002 dr 000 0 spa d | ||
| 020 | _a8449993016 | ||
| 040 |
_aDO-SdBNP _bspa _cBPMSU |
||
| 082 |
_bB171e 2002 _a972.93054 _222 |
||
| 100 | 1 |
_aBalaguer, Joaquín _d1906-2002 _92 |
|
| 245 | 1 | 0 |
_aEntre la sangre del 30 de mayo y la del 24 de abril / _cJoaquín Balaguer. |
| 260 |
_aSanto Domingo : _bCorripio, _c2002 |
||
| 300 |
_av. ; _c25 cm. |
||
| 490 | 0 |
_aDiscursos _v8 |
|
| 504 | _aIncluye referencias bibliográficas y notas al pie de las páginas | ||
| 590 | _aInventariado, 2021/VM | ||
| 651 | 4 |
_aRepública Dominicana _xPolítica y gobierno _y1961- |
|
| 651 | 4 |
_aRepública Dominicana _xHistoria _y1961-1965 |
|
| 910 | _aVMateo V | ||
| 942 |
_2ddc _cBK |
||
| 999 |
_c13923 _d13923 |
||